Capitales avec un nom sans deux lettres identiques - Statistiques

Statistiques générales
  • Ce quiz a été pris 188 fois
    96 depuis la dernière actualisation
  • Le résultat moyen est 36 sur 57
Statistiques - réponses
Hint Réponse % Correct
Europe Paris
92%
Afrique Alger
90%
Asie Pekin
90%
Europe Berlin
88%
Afrique Tunis
87%
Europe Riga
85%
Europe Rome
85%
Asie Séoul
85%
Europe Londres
83%
Europe Bucarest
80%
Europe Budapest
80%
Europe Dublin
80%
Europe Kiev
80%
Amérique Mexico
80%
Europe Sofia
80%
Asie Hanoï
78%
Asie Doha
77%
Europe Minsk
77%
Europe Vaduz
77%
Amérique Quito
75%
Europe Skopje
75%
Europe Zagreb
75%
Amérique Lima
73%
Europe Prague
73%
Asie Beyrouth
70%
Asie Riyad
70%
Afrique Lomé
68%
Europe/Asie Bakou
67%
Asie Kaboul
67%
Afrique Djouba
65%
Afrique Niamey
65%
Asie Koweït
63%
Afrique Maputo
63%
Afrique Le Cap
62%
Asie Malé
62%
Afrique Banjul
60%
Océanie Suva
60%
Afrique Bangui
57%
Asie Douchanbe
57%
Afrique Khartoum
57%
Amérique Sucre
57%
Afrique Yaoundé
57%
Asie Singapour
55%
Océanie Yaren
55%
Afrique Conakry
53%
Afrique Maseru
52%
Amérique Belmopan
50%
Océanie Port Vila
50%
Afrique Windhoek
50%
Amérique Roseau
48%
Amérique Bridgetown
38%
Afrique Abuja
30%
Afrique Sao Tomé
23%
Afrique Lilongwe
20%
Afrique Pretoria
7%
Asie Aden
3%
Asie Sejong
2%
Aucun quiz correspondant
Distribution des résultats
% des personnes avec chaque résultat
Percentile par nombre de réponses
Votre historique - résultats
Vous n’avez pas pris ce quiz depuis la dernière actualisation